Gaming Quiz

Random Gaming or Pokémon Quiz

Short and Heavy Pokemon Quiz Stats

 Plays Quiz not verified by Sporcle

Challenge
Share
Tweet
Embed
Score 0/50 Timer 11:00
0 Plays Today
Answer % Correct
Golem (Alola)
67.6%
Golem
67.6%
Golem
67.6%
Metagross
59.5%
Cosmoem
59.5%
Metagross
59.5%
Metang
56.8%
Metang
56.8%
Camerupt
54.1%
Camerupt
54.1%
Magnezone
51.4%
Emboar
51.4%
Emboar
51.4%
Heatran
51.4%
Magnezone
51.4%
Heatran
51.4%
Pupitar
48.6%
Glalie
48.6%
Pupitar
48.6%
Gigalith
45.9%
Arcanine
43.2%
Walrein
43.2%
Regice
43.2%
Walrein
43.2%
Bronzong
40.5%
Answer % Correct
Bastiodon
40.5%
Regirock
40.5%
Bastiodon
40.5%
Bronzong
40.5%
Registeel
40.5%
Crustle
37.8%
Hydreigon
37.8%
Hydreigon
37.8%
Terrakion
37.8%
Terrakion
37.8%
Palossand
35.1%
Palossand
35.1%
Solrock
35.1%
Lunatone
35.1%
Solrock
35.1%
Lunatone
35.1%
Raikou
32.4%
Cryogonal
32.4%
Kingdra
29.7%
Probopass
29.7%
Probopass
29.7%
Kingdra
29.7%
Crabominable
27%
Crabominable
27%
Volcanion
21.6%

You're not logged in!

Compare scores with friends on all Sporcle quizzes.
OR
Log In

You Might Also Like...

Show Comments

Extras

Top Quizzes Today


Score Distribution

Your Account Isn't Verified!

In order to create a playlist on Sporcle, you need to verify the email address you used during registration. Go to your Sporcle Settings to finish the process.

Report this User

Report this user for behavior that violates our Community Guidelines.

Details: